| 000 | 00813cam a2200253 4500 | ||
|---|---|---|---|
| 001 | J3070 | ||
| 008 | 090401t1995 xxu||||| |||| 00| 0 eng d | ||
| 035 | _a(Sirsi) u52800 | ||
| 041 | _aeng | ||
| 050 | _a658.99 | ||
| 100 | _aBaxendale, Tony | ||
| 245 | 4 | _aThe client and construction management: the role of the client in intitiating information systems within the Construction Management form of procurement. | |
| 260 |
_aAscot, Berks. _bChartered Institute of Building _c1995 |
||
| 300 | _a7p. ; 30cm. | ||
| 350 | _a0 | ||
| 490 |
_aConstruction Papers _v47 |
||
| 650 |
_aCONSTRUCTION MANAGEMENT _96230 |
||
| 650 | _aMANAGEMENT INFORMATION SYSTEMS | ||
| 690 | _aBUILT ENVIRONMENT | ||
| 700 | _aLogan, Donald | ||
| 710 |
_aChartered Institute of Building _92134 |
||
| 942 | _n0 | ||
| 948 | _c04/03/1997 | ||
| 999 |
_c93172 _d93172 |
||